00783nam a2200229 a 450000100060000000300080000600500170001400800410003103500190007204000370009104100080012808200240013610000260016024500860018625000120027226000370028430000320032149000710035350400390042465000190046383000710048269082BD-RjUL20211209081840.0170409s1966 enka b 001 0 eng d a(BD-RjUL)69293 aDLCcOUdOCoLCdUkdBD-RjULbeng aeng a669.1223bHUS 19662 aHume-Rothery, William14aThe structures of alloys of iron :ban elementary introduction /cW. Hume-Rothery a1st ed. aOxford :bPergamon Press,c1966. ax, 350 p. :bill. ;c20 cm.0 aThe Commonwealth and International Library: Metallurgical Division aIncludes bibliographies and Index. 0aFerrous Metals aThe Commonwealth and International Library: Metallurgical Division